Economic and productive analysis of irrigated rice crops using a multicase study (Registro n. 299228)
[ somente texto ]
| 000 -LÍDER | |
|---|---|
| fixed length control field | 04308nab a2200337 i 4500 |
| 003 - CÓDIGO MARC DA AGÊNCIA CATALOGADORA | |
| Campo de controle | BR-BrBNA |
| 005 - DATA E HORA DA ÚLTIMA ATUALIZAÇÃO | |
| Campo de controle | 20240418123224.0 |
| 008 - CAMPO DE TAMANHO FIXO | |
| fixed length control field | 240418b2021 bl.ar|pooa||| 00| 0 eng | |
| 040 ## - FONTE DA CATALOGAÇÃO | |
| Agência catalogadora | BR-BrBNA |
| Idioma da catalogação | eng |
| 072 ## - CATEGORIA AGRIS | |
| Código AGRIS | E16 |
| Código do objeto | 0150 |
| 100 ## - ENTRADA PRINCIPAL - NOME PESSOAL | |
| Nome pessoal | Xavier, Arthur Inácio Saldanha |
| 100 ## - ENTRADA PRINCIPAL - NOME PESSOAL | |
| Nome pessoal | Arbage, Alessandro Porporatti |
| 100 ## - ENTRADA PRINCIPAL - NOME PESSOAL | |
| Nome pessoal | Silva, Michel Rocha da |
| 100 ## - ENTRADA PRINCIPAL - NOME PESSOAL | |
| Nome pessoal | Ribas, Giovana Ghislen |
| 100 ## - ENTRADA PRINCIPAL - NOME PESSOAL | |
| Nome pessoal | Meus, Lorenzo Dalcin |
| 100 ## - ENTRADA PRINCIPAL - NOME PESSOAL | |
| Nome pessoal | Santos, Gionei Alves de Assis dos |
| 100 ## - ENTRADA PRINCIPAL - NOME PESSOAL | |
| Nome pessoal | Streck, Nereu Augusto |
| 100 ## - ENTRADA PRINCIPAL - NOME PESSOAL | |
| Nome pessoal | Zanon, Alencar Junior |
| 245 ## - TÍTULO PRINCIPAL | |
| Título principal | Economic and productive analysis of irrigated rice crops using a multicase study |
| 500 ## - NOTA GERAL | |
| Nota geral | <br/>Publicação on-line; 28 ref.; 2 tables; 4 illus.; Summaries (En, Pt) |
| 942 ## - ADDED ENTRY ELEMENTS (KOHA) | |
| Koha item type | |
| 520 ## - NOTA DE RESUMO | |
| Nota de conteúdo | <br/><br/>Abstract ‒ The objective of this work was to evaluate the relationship between<br/>grain yield and production costs of flood-irrigated rice (Oryza sativa) in the<br/>state of Rio Grande do Sul, Brazil, in order to determine the yield range that<br/>maximizes the profit of farmers. There are estimations pointing out that the<br/>yield range that maximizes the profit for farmers is about 75 and 85% of the<br/>yield potential; however, this still needs to be validated for irrigated rice in<br/>Brazil. To validate these values, a technical and economic monitoring was<br/>carried out for eight farmers of irrigated rice, whose production costs were<br/>measured and compared with the mean yield and the percentage of potential<br/>yield achieved. To determine the potential yield of each crop, SimulArroz, a<br/>process-based model developed for the simulation of rice growth and yield in<br/>the South of Brazil, was used. The grain yield achieved by the farmers ranged<br/>from 6.3 to 11.0 Mg ha-1 (48 to 83% of the potential yield), costs ranged from<br/>R$4,197.00 ha-1 to R$6,227.00 ha-1, and profit ranged from R$-52.00 ha-1 to<br/>R$3,599.00 ha-1. Farmers who reach between 69 and 83% of yield potential<br/>achieve the highest profitability. The investment planning based on the yield<br/>potential calculated by the SimulArroz model can be efficiently adopted for<br/>irrigated rice crops.<br/><br/><br/>Index terms: Oryza sativa, production costs, profitability, yield potential. |
| 520 ## - NOTA DE RESUMO | |
| Nota de conteúdo | <br/><br/>Resumo ‒ O objetivo deste trabalho foi avaliar a relação entre a produtividade<br/>de grãos e os custos de produção de lavouras de arroz (Oryza sativa) irrigado<br/>por inundação, no estado do Rio Grande do Sul, Brasil, para determinar a faixa<br/>de produtividade que maximiza o lucro do produtor. Existem estimativas de<br/>que a faixa de produtividade que maximiza o lucro para os agricultores é de<br/>cerca de 75 a 85% do potencial de produtividade; porém, isso ainda precisa ser<br/>validado para a cultura do arroz irrigado no Brasil. Para validar esses valores,<br/>foi realizado um acompanhamento técnico-econômico para oito produtores de<br/>arroz irrigado, cujos custos de produção foram determinados e comparados<br/>com a produtividade média e a percentagem da produtividade potencial<br/>atingida. Para determinar o potencial produtivo de cada lavoura, utilizou-se o<br/>SimulArroz, um modelo, baseado em processos, desenvolvido para a simulação<br/>do crescimento e da produtividade de arroz no Sul do Brasil. As produtividades<br/>atingidas pelos produtores variaram de 6,3 a 11,0 Mg ha-1 (48 a 83% do potencial<br/>de produtividade), os custos variaram de R$ 4.197,00 ha-1 a R$ 6.227,00 ha-1, e o<br/>lucro variou de R$ -52,00 ha-1 a R$ 3.599,00 ha-1 . Produtores que atingem entre<br/>69 e 83% do potencial produtivo alcançam maior lucratividade. O planejamento<br/>de investimento com base no potencial produtivo, calculado pelo modelo<br/>SimulArroz, pode ser adotado eficazmente nas lavouras de arroz irrigado.<br/><br/><br/>Termos para indexação: Oryza sativa, custos de produção, lucratividade,<br/>potencial produtivo. |
| 650 ## - ASSUNTO - THESAGRO | |
| Cabeçalho tópico ou nome geográfico | ARROZ IRRIGADO |
| 650 ## - ASSUNTO - THESAGRO | |
| Cabeçalho tópico ou nome geográfico | PRODUTIVIDADE |
| 650 ## - ASSUNTO - THESAGRO | |
| Cabeçalho tópico ou nome geográfico | CUSTO DE PRODUÇÃO |
| 650 ## - ASSUNTO - THESAGRO | |
| Cabeçalho tópico ou nome geográfico | RENTABILIDADE |
| 773 0# - ENTRADA ANALÍTICA | |
| Host Biblionumber | 920 |
| Registro do item | 25801 |
| Imprenta | Brasília-DF Empresa Brasileira de Pesquisa Agropecuária - EMBRAPA 1966- |
| Outro identificador | 2023-436357 |
| Título | Pesquisa Agropecuária Brasileira (Brazil) |
| ISSN | 0100-204X |
| Colação | v. 56 p. 1-8; (2021) |
| Número de controle de registro | BR2024000327 |
| 856 ## - ACESSO E ENDEREÇO ELETRÔNICO | |
| Identificador uniforme de recurso - URI | https://www.scielo.br/j/pab/a/3gMnxS8GXWhhKbpjSmRhMqD/?format=pdf&lang=en |
Nenhum exemplar disponível.

BINAGRI